Historické východiská medzinárodného obchodu – starovek

Historický pohľad na vznik a prínosy medzinárodného obchodu. Najvýznamnejšie obchodné cesty.

Saved in:
Bibliographic Details
Main Author: Brinčíková, Zuzana, 1979-
Format: Book Chapter
Language:Slovak
Subjects:
Tags: Add Tag
No Tags, Be the first to tag this record!

MARC

LEADER 00000naa a2200000 4500
001 0249941
005 20240712115257.3
041 0 |a slo 
044 |a SK 
245 1 0 |a Historické východiská medzinárodného obchodu – starovek  |c Zuzana Brinčíková 
520 |a Historický pohľad na vznik a prínosy medzinárodného obchodu. Najvýznamnejšie obchodné cesty. 
610 2 0 |a obchod medzinárodný 
610 2 0 |a história 
610 2 0 |a distribúcia 
610 2 0 |a výmena tovarová 
610 2 0 |a starovek 
100 1 |a Brinčíková, Zuzana, 1979-